000
00206nam a2200109Ia 4500
100
_a
#N/A
942
_c
BK
654
_a
fedora core 2
245
_a
Fedora Core 2
260
_b
#N/A
_c
2004
546
_a
ENGLISH
999
_c
23562
_d
23562